Fortune is a woman: gender and politics in the thought of Niccolo Machiavelli
Salvato in:
| Autore principale: | |
|---|---|
| Natura: | Libro |
| Lingua: | inglese |
| Pubblicazione: |
Chicago
University of Chicago Press
1999
|
| Edizione: | 1a. ed |
| Soggetti: | |
| Tags: |
Aggiungi Tag
Nessun Tag, puoi essere il primo ad aggiungerne!!
|
MARC
| LEADER | 00000cam a2200000 a 4500 | ||
|---|---|---|---|
| 001 | UCC7340 | ||
| 003 | CL-VaPUC | ||
| 005 | 20240711135005.0 | ||
| 008 | 190322e19990000us |||||||||||||||||eng|d | ||
| 999 | |c 374010 |d 374008 | ||
| 020 | |a 0226669920 | ||
| 040 | |c Pontificia Universidad Católica de Valparaíso | ||
| 082 | 0 | 4 | |a 320.1092 |b PIT |2 21 |
| 100 | 0 | |a Pitkin, Hanna Fenichel |e author |9 601911 | |
| 245 | 1 | 0 | |a Fortune is a woman: gender and politics in the thought of Niccolo Machiavelli |
| 250 | |a 1a. ed | ||
| 260 | |a Chicago |b University of Chicago Press |c 1999 | ||
| 300 | |a 374 p | ||
| 583 | |a last modification |c 20190322 14:57:00 |k Rodrigo Vera | ||
| 600 | 0 | |a Maquiavelo, Nicolás |d 1469-1527 |9 255701 | |
| 650 | 0 | |a Ciencias Políticas |9 255201 | |
| 650 | 0 | |a Género |9 395998 | |
| 942 | |c BK |2 ddc | ||
| 945 | |d 20190322 14:57:00 |a dcastane | ||
| 952 | |0 0 |1 0 |3 erb |4 0 |6 320_109200000000000_PIT_1999 |7 0 |8 A |9 492359 |a BIBHIS |b BIBHIS |i 5538157 |o 320.1092 PIT 1999 |p 5538157 |r 2025-01-20 |w 2019-11-24 |y BK |z Catalogado en:20190322 |k HIS | ||